[Event "COL-ch U16 sf1"]
[Site "Duitama"]
[Date "2019.04.13"]
[Round "4.16"]
[White "Ortiz Lopera, Miguel Angel"]
[Black "Bayona Zorro, Edgar David"]
[Result "1/2-1/2"]
[WhiteElo "1126"]
[BlackElo "1439"]
[PlyCount "107"]
[EventDate "2019.04.11"]
[EventType "swiss"]
[EventRounds "6"]
[EventCountry "COL"]
[SourceTitle "EXT 2024"]
[Source "ChessBase"]
[SourceDate "2023.10.10"]
[SourceVersion "1"]
[SourceVersionDate "2023.10.10"]
[SourceQuality "1"]

1. e4 c5 2. Nf3 Nc6 3. Nc3 Nf6 4. d4 cxd4 5. Nxd4 e5 6. Nf3 Bb4 7. Bg5 Qc7 8. Bxf6 gxf6 9. Qd3 d6 10. 0-0-0 Be6 11. Nb5 Qa5 12. a3 a6 13. axb4 Qxb5 14. Qxb5 axb5 15. Bxb5 Ke7 16. c3 Bb3 17. Rde1 Nd8 18. Nh4 Ne6 19. Nf5+ Kf8 20. Nxd6 Ra1+ 21. Kd2 Ra2 22. Rb1 Rg8 23. g3 Ng5 24. Bc4 Bxc4 25. Nxc4 Nxe4+ 26. Ke3 Ng5 27. Ra1 Rxa1 28. Rxa1 Kg7 29. f4 exf4+ 30. gxf4 Re8+ 31. Kf2 Ne4+ 32. Kf3 b5 33. Re1 f5 34. Ne5 f6 35. Rg1+ Ng5+ 36. fxg5 fxe5 37. h4 Kg6 38. b3 Ra8 39. Rd1 Rc8 40. Rd6+ Kf7 41. c4 bxc4 42. bxc4 Rxc4 43. h5 Rxb4 44. Rf6+ Kg7 45. Rxf5 Kg8 46. h6 Rf4+ 47. Rxf4 exf4 48. Kxf4 Kf7 49. Kf5 Kg8 50. Kf6 Kh8 51. g6 hxg6 52. Kxg6 Kg8 53. h7+ Kh8 54. Kh6 1/2-1/2

[Event "COL-ch sf3 U16"]
[Site "Choconta"]
[Date "2018.04.06"]
[Round "3.9"]
[White "Campos Perilla, Angie Catalina"]
[Black "Bayona Zorro, Edgar David"]
[Result "1/2-1/2"]
[WhiteElo "1283"]
[BlackElo "1431"]
[PlyCount "45"]
[EventDate "2018.04.05"]
[EventType "swiss"]
[EventRounds "6"]
[EventCountry "COL"]
[SourceTitle "EXT 2024"]
[Source "ChessBase"]
[SourceDate "2023.10.10"]
[SourceVersion "1"]
[SourceVersionDate "2023.10.10"]
[SourceQuality "1"]

1. e4 c5 2. Nf3 Nc6 3. d4 cxd4 4. Nxd4 Nf6 5. Nc3 e5 6. Nf3 Bb4 7. Bd3 d5 8. 0-0 Bxc3 9. Bg5 Bxb2 10. Rb1 Ba3 11. Bb5 a6 12. Bxc6+ bxc6 13. exd5 cxd5 14. Nxe5 Be6 15. Re1 0-0 16. Qd4 Bd6 17. Nc6 Qc7 18. Bxf6 gxf6 19. Qxf6 Qxc6 20. Qg5+ Kh8 21. Qf6+ Kg8 22. Qg5+ Kh8 23. Qf6+ 1/2-1/2